Υπολογιστική νέφους : (Record no. 9690)
[ view plain ]
| 000 -LEADER | |
|---|---|
| fixed length control field | 03306cam a22001934a 4500 |
| 005 - ΗΜΕΡΟΜΗΝΙΑ ΚΑΙ ΩΡΑ ΤΕΛΕΥΤΑΙΑΣ ΕΝΗΜΕΡΩΣΗΣ | |
| Πεδίο ελέγχου | 20250724134459.0 |
| 008 - FIXED-LENGTH DATA ELEMENTS--GENERAL INFORMATION | |
| Πεδίο ελέγχου σταθερού μήκους | 250528s ||||||||||||||||||||||||d |
| 035 ## - SYSTEM CONTROL NUMBER | |
| System control number | 24853 |
| 020 ## - ISBN | |
| ISBN | 9789606453762 |
| 040 ## - ΠΗΓΗ ΚΑΤΑΛΟΓΟΓΡΑΦΗΣΗΣ | |
| Φορέας πρωτότυπης καταλογογράφησης | MC Athens Campus Library |
| Γλώσσα καταλογογράφησης | Ελληνικά, Μοντέρνα (1453-) |
| Modifying agency | MC Athens Campus Library |
| Κανόνες περιγραφικής καταλογογράφησης | AACR2 |
| 245 1# - ΤΙΤΛΟΣ ΚΑΙ ΔΗΛΩΣΗ ΥΠΕΥΘΥΝΟΤΗΤΑΣ | |
| Τίτλος | Υπολογιστική νέφους : |
| Remainder of title | Το μέλλον της υπολογιστικής |
| 260 ## - PUBLICATION, DISTRIBUTION, ETC. | |
| Name of publisher, distributor, etc. | Κλειδάριθμος, |
| Date of publication, distribution, etc. | 2023 |
| 300 ## - PHYSICAL DESCRIPTION | |
| Extent | 348 |
| 520 ## - SUMMARY, ETC. | |
| Summary, etc. | Στο βιβλίο εξετάζονται αναλυτικά τόσο οι υλικές όσο και οι εικονικές εγκαταστάσεις των κέντρων δεδομένων, συμπεριλαμβανομένων των υπολογιστικών συστημάτων (π.χ. διακομιστές, υπερεπόπτες, εικονικές μηχανές και περιέκτες), των δικτύων (π.χ. αρχιτεκτονική δικτύων φύλλων-κορμών, δίκτυα VLAN και VXLAN), και των μηχανισμών αποθήκευσης (π.χ. SAN, NAS και αποθήκευση αντικειμένων). Τα κεφάλαια που αφορούν την αυτοματοποίηση και την ενορχήστρωση καλύπτουν την εννοιολογική οργάνωση των συστημάτων που αναλαμβάνουν την αυτόματη διάθεση και κλιμάκωση του λογισμικού. Στα κεφάλαια σχετικά με το λογισμικό που είναι εγγενές στο νέφος καλύπτονται ο παραλληλισμός, οι μικροϋπηρεσίες, το μοντέλο MapReduce, ο σχεδιασμός λογισμικού βασισμένου σε ελεγκτές, και η υπολογιστική χωρίς διακομιστή. Το βιβλίο επικεντρώνεται μεν σε έννοιες και αρχές, αλλά επιστρατεύει στα παραδείγματά του διαδεδομένες τεχνολογίες όπως είναι οι περιέκτες Docker και το σύστημα Kubernetes. Τα τελευταία κεφάλαια του βιβλίου εξηγούν τα ζητήματα που αφορούν την ασφάλεια στο νέφος, καθώς και τη χρήση μοντέλων τα οποία διευκολύνουν τον χειρισμό των ιδιαιτεροτήτων που ενέχει ο σχεδιασμός λογισμικού για το νέφος. Σχεδιασμένο ως εγχειρίδιο για σπουδαστές και επαγγελματίες, το βιβλίο απευθύνεται σε σπουδαστές τεχνολογίας λογισμικού και επαγγελματίες μηχανικούς λογισμικού που θέλουν να κατανοήσουν την τεχνολογία του νέφους, αλλά και για υπεύθυνους εταιρικών τμημάτων πληροφορικής που θέλουν να μεταφέρουν τις υπολογιστικές υπηρεσίες των εταιρειών τους στο νέφος. |
| 700 1# - ΠΡΟΣΘΕΤΗ ΑΝΑΓΡΑΦΗ--ΦΥΣΙΚΟ ΠΡΟΣΩΠΟ | |
| Personal name | Comer, Douglas E. |
| 9 (RLIN) | 2949 |
| 942 ## - ADDED ENTRY ELEMENTS (KOHA) | |
| Koha item type | Books |
| Τύπος τεκμηρίου | Βιβλιοθήκη | Τρέχουσα τοποθεσία | Barcode | Αριθμός εισαγωγής | Ημερομηνία απόκτησης | Ταξιθετικό σύμβολο | Αριθμός αντιτύπου | Κατάσταση απόσυρσης | Κατάσταση χαμένου | Κατάσταση κατεστραμμένου | Μη δανεισμός | Σύνολο δανεισμών | Ημερομηνία τελευταίας εμφάνισης | Η τιμή ισχύει από |
|---|---|---|---|---|---|---|---|---|---|---|---|---|---|---|
| Books | MC Thessaloniki Campus Library | MC Thessaloniki Campus Library | 9780000096890 | 8888 | 05/06/2025 | 004.6780 COM | 1 | 05/06/2025 | 05/06/2025 |